Score 0/13 Timer 02:00
0 Plays Today
Wondering About The Innovator *The Innovator* % Correct
In school, one assumes his grades were good; 'A's and 'B's, and nary a '__'.* C *
86.3%
Could such inventiveness be fueled by brand-name lemon-lime soft drinks like _______?SPRITE
80.3%
'Til the only thing left to type is the end of his NA__E.* M *
78.7%
So now, when it comes to 'gaming,' things just can't stay the _____,SAME
78.4%
And absorb all of earth's knowledge (or so it would ____).SEEM
75.8%
Like an archer, at 'progress and innovation' he's obliged to take ____;AIM
67.6%
In the classroom, behind his desk he would gladly take his ____,SEAT
65.8%
We feel that a sharp mind is needed, wouldn't you ____?SAY
64.2%
To learn of these things, on our knees we could ____,PRAY
63.2%
For a glimmer of insight, just a beam or a ____.RAY
59.2%
Or perhaps it's cola or coffee that keeps him nimble, agile, and _____.SPRY
55%
We'll have to dig deeper; so into such personal affairs we shall ____.PRY
54.7%
From a professor's mind, like a plant from a seed, the idea for a new Ladder 'twist' does ________.* SPROUT *
47.6%
Remove Ads.
Support Sporcle.
Get the best of Sporcle when you Go Orange. This ad-free experience offers more features, more stats, and more fun while also helping to support Sporcle. Thank you for becoming a member.

You're not logged in!

Compare scores with friends on all Sporcle quizzes.
OR
Log In

Show Comments

Extras

Top Quizzes Today


Score Distribution

Your Account Isn't Verified!

In order to create a playlist on Sporcle, you need to verify the email address you used during registration. Go to your Sporcle Settings to finish the process.

Report this User

Report this user for behavior that violates our Community Guidelines.

Details: